000 01503nam a22005297a 4500
001 BR2017000314
003 BR-BrBNA
005 20230928105029.0
007 ta
008 230509b bl.||||| |||| 00| 0 por d
040 _aBR-BrBNA
_bpor
_cBiblioteca Nacional de Agricultura
041 _a(Por)
072 _aF01
_b1123
090 _ 1123 BR2017000314
100 1 _aFaleiro, F.G. (ed.)
100 1 _aJunqueira, N.T.V. (ed.)
110 1 _aEmpresa Brasileira de Pesquisa Agropecuária, Brasília, DF (Brasil)
245 1 _aMaracujá: o produtor pergunta, a Embrapa responde
_bColeção 500 perguntas, a Embrapa responde
250 1 _a1.ed.
260 3 _aBrasília, DF (Brasil):
_c2016.
300 _a341 p.
500 _aIncludes several bibliographies; 78 illus.; 3 tables
650 _aFRUTA TROPICAL
650 _aMARACUJÁ
650 _aPASSIFLORA EDULIS
650 _aTAXONOMIA VEGETAL
650 _aBOTÂNICA
650 _aBIODIVERSIDADE
650 _aCLIMA
650 _aSEMENTE
650 _aMUDA
650 _aBIOTECNOLOGIA
650 _aMELHORAMENTO GENÉTICO VEGETAL
650 _aCONSERVAÇÃO DO SOLO
650 _aADUBAÇÃO
650 _aPODA
650 _aIRRIGAÇÃO
650 _aPOLINIZAÇÃO
650 _aDOENÇA DE PLANTA
650 _aPRAGA DE PLANTA
650 _aCOLHEITA
650 _aPÓS-COLHEITA
650 _aCOMERCIALIZAÇÃO
650 _aPRODUÇÃO VEGETAL
909 _a202309
_bLucia
_c55
_dLucia Elande
942 _cBK
999 _c83019
_d83019